| 000 | 02407nam a2200397 i 4500 | ||
|---|---|---|---|
| 001 | 000031269 | ||
| 003 | DO-SdBNP | ||
| 005 | 20251120073850.0 | ||
| 007 | ta | ||
| 008 | 110617s2008 dr acd 001 0 spa d | ||
| 020 | _a9789945406849 | ||
| 040 |
_aDO-SdBNP _bspa _cBNPHU _erda |
||
| 041 | _aspa | ||
| 082 | 4 |
_a378.107 _bR426p _222 |
|
| 110 | 1 |
_aRepública Dominicana. _bSecretaría de Estado de Educación Superior, Ciencia y Tecnología. _bConsejo para la Innovación y el Desarrollo Tecnológico _957736 |
|
| 245 | 1 | 0 |
_aPlan estratégico de ciencia, tecnología e innovación 2008-2018 : _bconstruyendo la economía del conocimiento y la innovación en la República Dominicana / _cpresentación, Ligia Amada Melo de Cardona ; introducción, Víctor F. Gómez Valenzuela ; edición, Luz Almánzar Rodríguez. |
| 264 | 1 |
_aSanto Domingo : _bSEESCyT, _c2008. |
|
| 300 |
_a232 páginas : _bilustraciones, gráficos, retratos ; _c23 cm. |
||
| 336 |
_atexto _btxt _2rdacontent |
||
| 337 |
_asin mediación _bn _2rdamedia |
||
| 338 |
_avolumen _bnc _2rdacarrier |
||
| 500 | _aIncluye referencias bibliográficas y notas al pie de las paginas | ||
| 504 | _aBibliografía : páginas 201-208 | ||
| 505 | 0 |
_aPresentación / _rLigia Amada Melo de Cardona -- _gIntroducción / _rVíctor F. Gómez Valenzuela -- _tOrganización y gestión del proceso de formulación -- _tAlcance del plan e introducción al contexto socioeconómico e institucional de la República Dominicana -- _tLa ciencia y la tecnología en la República Dominicana: panorama de la innovación y el desarrollo tecnológico -- _tPolítica y programas de Ciencia, Tecnología e Innovación -- _tEstrategia general de financiamiento del plan y cronogramas de ejecución -- _tArquitectura institucional del Sistema Nacional de C&T -- _tConsideraciones finales -- _gAnexos. |
|
| 590 | _aInventariado, 2018/MFF | ||
| 650 | 4 |
_aPlanificación educativa _917484 |
|
| 650 | 4 |
_aPlanificación estratégica _92433 |
|
| 650 | 4 |
_aDesarrollo educativo _910501 |
|
| 650 | 4 |
_aInnovaciones educativas _917115 |
|
| 650 | 4 |
_aPolítica de educacion superior _zRepública Dominicana _956216 |
|
| 650 | 4 |
_aEducacion superior _xFines y objetivos _zRepública Dominicana _911802 |
|
| 700 | 1 |
_aAlmánzar Rodríguez, Luz, _eeditor _4ed. _956217 |
|
| 700 | 1 |
_aMelo de Cardona, Ligia Amada, _epresent. _927174 |
|
| 910 | _aValidado. Control de calidad EMS | ||
| 942 |
_2ddc _cLBS1 |
||
| 999 |
_c30761 _d30761 |
||